01854nam a2200253 i 4500001000700000003000900007005001700016007000300033008004100036110008200077245005100159260004400210300001800254505091100272650002701183700003501210700004701245700003701292700005601329700005801385852002001443999001901463952011801482173667ES-MaACL20250723094419.0t|091228s18631868sp |||| | spa d2 aReal Academia de Ciencias Exactas, Físicas y Naturales de España.917563510aMemorias de la Real Academia de Ciencias. n6. aMadrid : b[s.n.], c1863 (Aguado Imp.) av. ; c28 cm.8 aContiene: VI. Influencia de los fosfatos térreos en la vegetación y procedimientos más económicos para utilizarlos en producción de cereales en la península / Manuel Sáez Díez (194 p.) . Influencia de los fosfatos térreos en la vegetación y procedimientos más económicos para utilizarlos en producción de cereales en la península / Ramón de Manjarres y Bofarull (p. 201-295) . Influencia de los fosfatos térreos en la vegetación y procedimientos más económicos para utilizarlos en producción de cereales en la península / José Hidalgo Tablada (p. 297-345) . Influencia de los fosfatos térreos en la vegetación y procedimientos más económicos para utilizarlos en producción de cereales en la península / Ramón Torres Muñoz de Luna (p. 347-413) . Calentamiento y ventilación de edificios / Francisco de Paula Rojas (p. 415-683; 14 planos pleg.). 4aVentilación.91369791 aSáez Díez, Manuel.91418651 aManjarrés y Bofarull, Ramón de.9760311 aHidalgo Tablada, José.91418661 aTorres Muñoz de Luna, Ramón,d1822-189091333291 aRojas y Caballero Infante, Francisco de Paula.9990834 aES-MaACLjK-221 c173667d173667 001040708LIBXIXaATENEOMbATENEOMcADMd2009-12-28l0oK-221p1182245r2023-02-23 00:00:00w2023-02-23yMONANT